Luz del mundo : (Record no. 197679)

MARC details
000 -LEADER
campo de control de longitud fija 01630nam a2200421 i 4500
001 - NÚMERO DE CONTROL
campo de control 197679
003 - IDENTIFICADOR DE NÚMERO DE CONTROL
campo de control ES-MaACL
005 - FECHA Y HORA DE LA ÚLTIMA TRANSACCIÓN
campo de control 20250827063235.0
008 - DATOS DE LONGITUD FIJA--INFORMACIÓN GENERAL
campo de control de longitud fija 250426s2010 sp | |||| 001 0 spa
015 ## - NÚMERO DE BIBLIOGRAFÍA NACIONAL
Número de bibliografía nacional MON10
017 ## - NÚMERO DE COPYRIGHT O DE DEPÓSITO LEGAL
Número de copyright o de depósito legal B 45337-2010
Agencia que asigna Oficina Depósito Legal Barcelona
020 ## - NÚMERO INTERNACIONAL ESTÁNDAR DEL LIBRO
Número Internacional Estándar del Libro 9788425427565
035 ## - NÚMERO DE CONTROL DEL SISTEMA
Número de control de sistema (OCoLC)733602553
035 ## - NÚMERO DE CONTROL DEL SISTEMA
Número de control de sistema (SpMaBN)a4993253
040 ## - FUENTE DE CATALOGACIÓN
Centro catalogador/agencia de origen SpMaBN
Lengua de catalogación spa
Centro/agencia transcriptor SpMaBN
Normas de descripción rdc
080 ## - NÚMERO DE LA CLASIFICACIÓN DECIMAL UNIVERSAL
Número de la Clasificación Decimal Universal 929 Benedicto XVI, Papa (047.53)
100 1# - ENTRADA PRINCIPAL--NOMBRE DE PERSONA
Nombre de persona Benedicto
Numeración XVI,
Títulos y otros términos asociados al nombre Papa
9 (RLIN) 234934
Término indicativo de función/relación Entrevistado
245 10 - MENCIÓN DEL TÍTULO
Título Luz del mundo :
Resto del título el Papa, la Iglesia y los signos de los tiempos : una conversación con Peter Seewald /
Mención de responsabilidad, etc. Benedicto XVI ; traducción de Roberto H. Bernet.
250 ## - MENCION DE EDICION
Mención de edición Primera edición, segunda impresión
260 ## - PUBLICACIÓN, DISTRIBUCIÓN, ETC.
Lugar de publicación, distribución, etc. Barcelona :
Nombre del editor, distribuidor, etc. Herder,
Fecha de publicación, distribución, etc. D.L. 2010.
300 ## - DESCRIPCIÓN FÍSICA
Extensión 227 páginas ;
Dimensiones 22 cm.
336 ## - TIPO DE CONTENIDO
Fuente rdacontent
Término de tipo de contenido texto
337 ## - TIPO DE MEDIO
Fuente rdamedia
Nombre/término del tipo de medio sin mediación
338 ## - TIPO DE SOPORTE
Fuente rdacarrier
Nombre/término del tipo de soporte volumen
500 ## - NOTA GENERAL
Nota general Índice
594 ## - NOTA AL TITULO Y MENCION DE RESPONSABILIDAD
Nota al título y mención de responsabilidad Título original: Licht der Welt
600 #0 - PUNTO DE ACCESO ADICIONAL DE MATERIA--NOMBRE DE PERSONA
Nombre de persona Benedicto
Numeración XVI,
Títulos y otros términos asociados al nombre Papa-
Subdivisión de forma Entrevistas
Fuente del encabezamiento o término embne
9 (RLIN) 241090
655 #0 - TERMINO DE INDIZACIÓN--GENERO/FORMA
9 (RLIN) 234232
Datos o término principal de género/forma Entrevistas
700 1# - ENTRADA AGREGADA--NOMBRE PERSONAL
Nombre de persona Seewald, Peter
9 (RLIN) 105098
Término indicativo de función/relación Entrevistador
700 1# - ENTRADA AGREGADA--NOMBRE PERSONAL
Nombre de persona Heraldo Bernet, Roberto
9 (RLIN) 62629
Término indicativo de función/relación Traductor
852 ## - LOCALIZACIÓN
Ubicación ES-MaACL
Ubicación en estantería Depósito J
Número de control de estantería N-10551
Donativo/Legado Donación: José Lázaro García
Encuadernación Encuadernación rústica con solapas
itemnumber 206674
903 ## - NOMBRE PERSONAL DE DONANTE
9 234219
a Lázaro García, José
e Donante
942 ## - ELEMENTOS DE ENTRADA SECUNDARIOS (KOHA)
Tipo de ítem Koha Libro impreso
Suprimir en OPAC No
Holdings
Estatus retirado Estado de pérdida Fuente del sistema de clasificación o colocación Estado de daño No para préstamo Biblioteca de origen Biblioteca actual Ubicación en estantería Fecha de adquisición Fuente de adquisición Total de préstamos Signatura topográfica completa Código de barras Visto por última vez Precio de reemplazo Tipo de ítem Koha
    Clasificación decimal universal     Biblioteca del Ateneo de Madrid Biblioteca del Ateneo de Madrid Depósito J 25/08/2025 Donación   N-10551 2025-1050 25/08/2025 25/08/2025 Libro impreso